| 000 | 00536nam a2200181 a 4500 | ||
|---|---|---|---|
| 001 | 000026093 | ||
| 005 | 20200930024309.0 | ||
| 008 | 110301s1966 dr a 000 0 spa d | ||
| 040 |
_aDO-SdBNP _bspa _cBNPHU |
||
| 082 |
_axxx _bP592r |
||
| 100 | 1 |
_aPichardo, Bernardo, _d1877-1924 _926162 |
|
| 245 | 1 | 0 |
_aResumen de historia patria / _cBernardo Pichardo. |
| 250 | _a5a ed. | ||
| 260 |
_aSanto Domingo : _bLibreria Dominicana, _c1966. |
||
| 300 |
_a375 p. ; : _bil. ; _c20 cm. |
||
| 500 | _aIncluye noticias biográficas. | ||
| 049 | _aBNPD | ||
| 999 |
_c25585 _d25585 |
||